Doing Business Internationally : The Guide to Cross-Cultural Success /

Na minha lista:
Detalhes bibliográficos
Autor principal: Medina Walker, Danielle (autor)
Outros Autores: Walker, Thomas (autor) (autor), Schmitz, Joerg (autor) (autor)
Formato: Livro
Idioma:inglês
Publicado em: Nueva York, EUA : McGraw-Hill, 2003, c2003
Edição:2a edición
Assuntos:
Tags: Adicionar Tag
Sem tags, seja o primeiro a adicionar uma tag!

MARC

LEADER 00000nam^a2200000^a^4500
001 000166602
005 20250521000000.0
009 20260310101059.586
020 |a 0-07-137832-4 
037 |a Acervo ITESO - Biblioteca 
041 |a ING 
082 |a 658. 848  |b WAL 
100 |a Medina Walker, Danielle  |e (autor) 
245 1 0 |a Doing Business Internationally :  |b The Guide to Cross-Cultural Success /  |c D. Medina Walker, T. Walker, J. Schmitz. 
250 |a 2a edición  |b revisada y aumentada 
264 4 |a Nueva York, EUA :  |b McGraw-Hill,  |c 2003, c2003 
300 |a XVII, 330 p. 
336 |a texto  |b txt  |2 rdacontenido 
337 |a sin mediación  |b n  |2 rdamedio 
338 |a volumen  |b nc  |2 rdasoporte 
649 |a XX 
650 |a Cultura Organizacional 
650 |a Desarrollo Organizacional 
650 |a Comunicación Organizacional 
650 |a Comunicación Personal 
650 |a Interacción Comunicativa 
650 |a Relaciones Interculturales 
650 |a Competencia (Economía) 
650 |a Investigación de Mercado 
650 |a Ventas 
650 |a Empresa y Sociedad 
650 |a Empresas -  |x Administración 
650 |a Mercadotecnia 
650 |a Administración 
650 |a Ciencias Administrativas 
700 |a Walker, Thomas  |e (autor) 
700 |a Schmitz, Joerg  |e (autor) 
910 |a Fondo General 
920 |a Impresos - Libros 
930 |a Colección General 
905 |a 101 
901 |a 0500101677  |b IT1  |c ACC  |u 20250521 
902 |a https://opac.biblio.iteso.mx/vufind/Record/000166602